000 00461nam a2200169 i 4500
001 146332
003 ES-MaACL
005 20230906201509.0
007 t|
008 070906s1963 ag ||||1| spa d
080 _a86-311.2"19"
100 1 _aTorrijo, Juan Manuel.
_9111043
245 1 3 _aLa vieja senda /
_cJuan Manuel Torrijo.
260 _aBuenos Aires :
_bPlaza & Janés,
_c[1963]
300 _a378 p. ;
_c19 cm.
852 _aES-MaACL
_jC-23927
_bR.52669
999 _c146332
_d146332